'B' Vocabulary (Medium) Quiz Stats

 Plays Quiz Updated Dec 3, 2016

Support Sporcle.
Go Orange.
Score 0/25 Timer 06:00
1 Play Today
% Correct
bilingual
95.9%
boa
95.1%
badminton
94.9%
ballot
94.6%
backgammon
94.2%
ballad
94%
besiege
93.2%
bittersweet
93.1%
bonnet
93.1%
benign
92.5%
baklava
92.5%
buffoon
92.4%
blasphemy
92.3%
% Correct
boutique
92.2%
bassoon
91.9%
borough
91.7%
bootleg
91.6%
bazaar
91.6%
bisque
91.1%
blurb
90.5%
barbarian
90.3%
brazen
89.2%
bonanza
88.9%
bewilder
87.3%
beguile
84.6%

You're not logged in!

Compare scores with friends on all Sporcle quizzes.
OR
Log In

From the Vault

Top 200 Songs of the 1990s

by rockgolf

20 songs per year is a really easy screening process.
Remove Ads.
Support Sporcle.
Get the best of Sporcle when you Go Orange. This ad-free experience offers more features, more stats, and more fun while also helping to support Sporcle. Thank you for becoming a member.

Show Comments

Extras

Top Quizzes Today


Score Distribution

Your Account Isn't Verified!

In order to create a playlist on Sporcle, you need to verify the email address you used during registration. Go to your Sporcle Settings to finish the process.

Report this User

Report this user for behavior that violates our Community Guidelines.

Details: